|
|
|
|
| LEADER |
00000naa2a2200000 4500 |
| 001 |
633617 |
| 005 |
20231217094538.0 |
| 035 |
|
|
|a (RuTPU)RU\TPU\conf\35365
|
| 035 |
|
|
|a RU\TPU\conf\35364
|
| 090 |
|
|
|a 633617
|
| 100 |
|
|
|a 20211012d2021 k y0rusy50 ca
|
| 101 |
0 |
|
|a rus
|
| 102 |
|
|
|a RU
|
| 105 |
|
|
|a y z 100zy
|
| 135 |
|
|
|a drgn ---uucaa
|
| 181 |
|
0 |
|a i
|
| 182 |
|
0 |
|a b
|
| 200 |
1 |
|
|a Моделирование законов распределения вероятностей мощности ветроэнергетических установок
|f Ю. Д. Бай, И. А. Разживин, А. С. Гусев
|
| 203 |
|
|
|a Текст
|c электронный
|
| 225 |
1 |
|
|a Энергосбережение, автоматизация объектов нефтегазовой промышленности
|
| 300 |
|
|
|a Заглавие с экрана
|
| 320 |
|
|
|a [Библиогр.: с. 163 (8 назв.)]
|
| 461 |
|
1 |
|0 (RuTPU)RU\TPU\conf\35202
|t Проблемы геологии и освоения недр
|l Problems of Geology and Subsurface Development
|o труды XXV Международного симпозиума имени академика М. А. Усова студентов и молодых учёных, посвященного 120-летию горногеологического образования в Сибири, 125-летию со дня основания Томского политехнического университета, Томск, 5-9 апреля 2021 г.
|o в 2 т.
|f Национальный исследовательский Томский политехнический университет, Инженерная школа природных ресурсов ; гл. ред. Н. В. Гусева ; под ред. Е. Ю. Пасечник
|d 2021
|
| 463 |
|
1 |
|0 (RuTPU)RU\TPU\conf\35204
|t Т. 2
|v [С. 162-163]
|d 2021
|
| 610 |
1 |
|
|a труды учёных ТПУ
|
| 610 |
1 |
|
|a электронный ресурс
|
| 610 |
1 |
|
|a моделирование
|
| 610 |
1 |
|
|a законы распределения
|
| 610 |
1 |
|
|a распределение вероятностей
|
| 610 |
1 |
|
|a мощность
|
| 610 |
1 |
|
|a ветроэнергетические установки
|
| 610 |
1 |
|
|a возобновляемые источники энергии
|
| 610 |
1 |
|
|a электроэнергетические системы
|
| 610 |
1 |
|
|a вероятностные характеристики
|
| 700 |
|
1 |
|a Бай
|b Ю. Д.
|c специалист в области электроэнергетики
|c ассистент кафедры Томского политехнического университета
|f 1991-
|g Юлий Дмитриевич
|3 (RuTPU)RU\TPU\pers\36836
|9 19865
|
| 701 |
|
1 |
|a Разживин
|b И. А.
|c специалист в области электроэнергетики
|c доцент Томского политехнического университета, кандидат технических наук
|f 1989-
|g Игорь Андреевич
|3 (RuTPU)RU\TPU\pers\37755
|9 20507
|
| 701 |
|
1 |
|a Гусев
|b А. С.
|c специалист в области электроэнергетики
|c профессор Томского политехнического университета, доктор технических наук
|f 1947-
|g Александр Сергеевич
|3 (RuTPU)RU\TPU\pers\26725
|
| 712 |
0 |
2 |
|a Национальный исследовательский Томский политехнический университет
|b Инженерная школа энергетики
|b Отделение электроэнергетики и электротехники
|3 (RuTPU)RU\TPU\col\23505
|
| 801 |
|
2 |
|a RU
|b 63413507
|c 20211029
|g RCR
|
| 856 |
4 |
|
|u http://earchive.tpu.ru/handle/11683/68570
|
| 942 |
|
|
|c BK
|